000 00585 a2200181 4500
010 _aENG-85236
020 _a8170544991
_c400.00
035 _aEN-68769
082 1 4 _a809
090 _c1848
_d1848
100 1 _aKanchan Mala
245 1 _aThe cult of death
_cby Kanchan Mala
_ba critical study of H. Hemingway
260 _aNew Delhi
_bClassical Publishing
_c2006.
300 _avi, 170 p.
_c22 cm. (Hb)
500 _aIncludes bibliographical references
942 _adpl
_cEN
_k809 / KAN
999 _c1816
_d1816